00240nam a2200085Ia 4500008004100000100002600041245004800067260003000115260000900145170620s9999 xx 000 0 und d aSharma- R. A. (Hindi) 0aAnudeshnatmak evam Shikshan Takniki (Hindi) bMeerut- R. Lal Book Depot c1994